ბათუმის შოთა რუსთაველის სახელმწიფო უნივერსიტეტის ბიბლიოთეკა

Cuttinc EDCE. Pre-intermediate.Woorbook. (ბიბ.ჩანაწერი № 56870)

000 -LEADER
fixed length control field 00483nam a2200193Ia 4500
001 - CONTROL NUMBER
control field 2172
003 - CONTROL NUMBER IDENTIFIER
control field GE_BSU
005 - DATE AND TIME OF LATEST TRANSACTION
control field 20190527145538.0
008 - FIXED-LENGTH DATA ELEMENTS--GENERAL INFORMATION
fixed length control field 181216s2007||||enk|||||||||||||| ||eng||
040 ## - CATALOGING SOURCE
Transcribing agency GE_BSU
080 ## - UNIVERSAL DECIMAL CLASSIFICATION NUMBER
Universal Decimal Classification number 811.111(075.8) A-18
100 ## - MAIN ENTRY--PERSONAL NAME
Personal name Carr Jane Comyns, Sarah Cuggigham, Peter moor.
9 (RLIN) 1637
245 ## - TITLE STATEMENT
Title Cuttinc EDCE. Pre-intermediate.Woorbook.
260 ## - PUBLICATION, DISTRIBUTION, ETC.
Place of publication, distribution, etc. Edinburgh
260 ## - PUBLICATION, DISTRIBUTION, ETC.
Date of publication, distribution, etc. 2005
300 ## - PHYSICAL DESCRIPTION
Extent 111 p. 28 cm.
942 ## - ADDED ENTRY ELEMENTS (KOHA)
Koha item type წიგნი
Source of classification or shelving scheme

არაა ხელმისაწვდომი ეგზემპლარები.